000 01316nam a2200337 i 4500
001 178460
003 ES-MaACL
005 20250704062547.0
008 110530s2009 sp aco |||| |dspa d
020 _a978-84-9742-985-6
080 _a008(460.27 M.)"18/19"
080 _a001(460.27 M.)"18/19"
100 1 _aRibagorda, Álvaro.
_9146820
245 1 0 _aCaminos de la modernidad
_b: espacios e instituciones culturales de la Edad de Plata (1898-1936) /
_cÁlvaro Ribagorda.
260 _aMadrid :
_bBiblioteca Nueva :
_bFundación José Ortega y Gasset,
_c[2009]
300 _a289 p. :
_bil, fot. ;
_c21 cm.
490 1 _aLos papeles de la Ortega ;
_v11
500 _aÍndice onomástico.
504 _aBibliografía: p. [261]-279.
505 8 _aContiene: El Ateneo de Madrid: eje cultural y político
610 2 4 _aAteneo de Madrid-
_vHistoria
_91925
651 4 _aMadrid-
_xCultura.
_9142360
651 4 _aMadrid-
_xVida intelectual.
_9161508
710 2 _aFundación José Ortega y Gasset.
_94345
740 3 2 _aEl Ateneo de Madrid : eje cultural y político.
830 1 _aLos papeles de la Ortega ;
_v11
_9190184
852 _aES-MaACL
_jA-11269
_9185320
_bR.145718
_cDEPO1
_dOlim: N-4273
942 _2udc
_cMONOGRAFIA
999 _c178460
_d178460